Legislative control of the elementary curriculum.

Guardado en:
Detalles Bibliográficos
Autor principal: Flanders, Jesse Knowlton (autor)
Formato: Libro
Idioma:Inglés
Colección:(Teachers College ; no. 195)
Temas:
Etiquetas: Agrega una etiqueta
Sin etiquetas, Sé el primero en etiquetar este registro!

MARC

LEADER 00000cam^a2200000uu^4500
001 000491091
005 20250521000000.0
008 050901s1972^^^^^^^^^^^^rl^r^^000^0^eng^d
009 20260310125409.209
035 |a FCE 000034310 
035 |a FCE 003255 
037 |a Acervo ITESO - Biblioteca 
041 |a eng 
082 0 4 |a 082.1  |b CE 195 
100 |a Flanders, Jesse Knowlton  |e (autor) 
245 1 0 |a Legislative control of the elementary curriculum. 
264 |a New York :  |b Ams Press,  |c 1972. 
300 |a 242 p. 
336 |a texto  |b txt  |2 rdacontenido 
337 |a sin mediación  |b n  |2 rdamedio 
338 |a volumen  |b nc  |2 rdasoporte 
440 0 |a (Teachers College ;  |v no. 195) 
649 |a XX 
650 |a Legislación de la educación 
650 |a Currículo 
650 |a Investigación educativa 
650 |a Estados Unidos 
910 |a Fondo Centro de Estudios Educativos 
920 |a Impresos - Libros 
930 |a Fondos Especiales 
905 |a 133 
901 |a ALE003255  |b IT2  |c CEE  |u 20250521 
902 |a https://opac.biblio.iteso.mx/vufind/Record/000491091